Somerset Maugham and the cinema /

Bibliographic Details
Main Author: Calder, Robert, 1941- (Author)
Format: eBook
Language:English
Published: Madison, Wisconsin : The University of Wisconsin Press, [2024]
Series:Wisconsin film studies.
Subjects:
Online Access:Connect to the full text of this electronic book

MARC

Tag First Indicator Second Indicator Subfields
LEADER 00000nam a22000001i 4500
001 in00005508413
006 m |o d |
007 cr |n|||||||||
008 240224s2024 wiua ob 001 0 eng d
005 20241028125406.0
020 |a 9780299346232 (electronic bk.) 
020 |a 0299346234 (electronic bk.) 
020 |z 9780299346201 
020 |z 029934620X 
035 |a (NhCcYBP)jstor22573/CATS21081050 
040 |a NhCcYBP  |c NhCcYBP 
050 4 |a PR6025.A86  |b Z5588 2024 
082 0 4 |a 823/.912  |2 23/eng/20230816 
100 1 |a Calder, Robert,  |d 1941-  |e author. 
245 1 0 |a Somerset Maugham and the cinema /  |c Robert Calder. 
264 1 |a Madison, Wisconsin :  |b The University of Wisconsin Press,  |c [2024] 
300 |a 1 online resource. 
336 |a text  |b txt  |2 rdacontent 
337 |a computer  |b c  |2 rdamedia 
338 |a online resource  |b cr  |2 rdacarrier 
490 1 |a Wisconsin film studies 
500 |a Description based on print version record. 
504 |a Includes bibliographical references and index. 
588 |a Description based on print version record. 
600 1 0 |a Maugham, W. Somerset  |q (William Somerset),  |d 1874-1965  |x Film adaptations. 
650 0 |a Film adaptations. 
650 0 |a Motion pictures and literature. 
655 7 |a Electronic books.  |2 local 
776 1 8 |c Original  |z 9780299346201  |z 029934620X  |w (DLC) 2023019867 
830 0 |a Wisconsin film studies. 
856 4 0 |u http://proxy.library.tamu.edu/login?url=https://www.jstor.org/stable/10.2307/jj.21099723  |z Connect to the full text of this electronic book  |t 0 
955 |a JSTOR DDA record 
999 f f |s 06fcd82d-7a3a-4c13-9b11-a2d9745b9a71  |i a7b9125f-c9c3-49ed-ad98-8ef00210eac5  |t 0 
952 f f |a Texas A&M University  |b College Station  |c Electronic Resources  |d Available Online  |t 0  |e PR6025.A86 Z5588 2024  |h Library of Congress classification 
998 f f |a PR6025.A86 Z5588 2024  |t 0  |l Available Online